| 000 | 00564nam a2200169 i 4500 | ||
|---|---|---|---|
| 001 | 134790 | ||
| 003 | ES-MaACL | ||
| 005 | 20230906194738.0 | ||
| 007 | t| | ||
| 008 | 070913s1930 cc abd |||| | eng d | ||
| 245 | 0 | 0 |
_aTwo years of Nationalist China / _cedited by Min-Ch'ien T. Z. Tyan. |
| 260 |
_aShanghai : _bKelly and Walsh, _c1930. |
||
| 300 |
_a523 p., 33 h. de lám. : _bil., gráf. pleg., 1 mapa pleg. ; _c23 cm. |
||
| 651 | 4 |
_aChina- _xHistoria- _y1912-1949, República. _9159986 |
|
| 700 | 1 |
_aTyan, Min-Ch'ien T. Z. _9170504 |
|
| 852 |
_aES-MaACL _jA-3409 |
||
| 999 |
_c134790 _d134790 |
||